000 00890nam a22001937a 4500
008 111129s1961 ua|||||r|||| 00| 0 ara d
082 _222
_a371.911
_bر و س
100 _927920
_aروس، اشبل
245 _aرحلة في عالم النور :
_bقصة تعليم المكفوفين /
_cتأليف أشبل روس ؛ ترجمة عبد الحميد يونس.
246 _aقصة تعليم المكفوفين
260 _aالقاهرة :
_bدار المعرفة،
_c1961.
300 _a364 ص. ؛
_c24 سم.
650 _927921
_aالمكفوفون
_xتعليم
650 _927922
_aالمعوقون
_xتعليم
653 _bAra
_cNovember2011
700 _927923
_aيونس، عبد الحميد
_d1910-1988
_eمترجم
942 _2ddc
_cBB
999 _c16271
_d16271